00918 2200205 4500001002100000005001700021008004100038035002500079082001100104090002100115100002100136245017200157260008600329300004400415500016700459500003300626650002300659850001200682990001800694YOGYA-0209000007209820150508142952.0 ind  a0010-020900000072098 a306.44 aSK 306.44bErw P aERWANTARA, Wawan aPartisipasi suami dalam keluarga berencanabStudi kasus di desa Trimurti,Kecamatan Srandakan,Kabupaten Bantul,Propinsi Daerah Istimewa Yogyakartacoleh Wawan Erwantara aYogyakartabFakultas Keguruan dan ilmu pendidikan Universitas Sanata Dharmac1996 axii, 122 [26] lembar :bilus. ;c30 cm. aSkripsi program Studi Pendidikan dunia usaha jurusan Pendidikan ilmu pengetahuan Sosial fakultas Keguruan dan ilmu pendidikan Universitas Sanata Dharma Yogyakarta aBibliografi : lembar 119-121 aKeluarga berencana aYOPDYOG a36103-PD/A.08